Legálne a nelegálne daňové úniky a tieňová ekonomika
Názory renomovaných ekonómov v oblasti daňových únikov a tieňovej ekonomiky.
Na minha lista:
| Autor principal: | |
|---|---|
| Outros Autores: | |
| Formato: | Capítulo de Livro |
| Idioma: | eslovaco |
| Assuntos: | |
| Tags: |
Sem tags, seja o primeiro a adicionar uma tag!
|
MARC
| LEADER | 00000naa a2200000 4500 | ||
|---|---|---|---|
| 001 | 0181815 | ||
| 005 | 20231211131604.5 | ||
| 041 | 0 | |a slo | |
| 044 | |a SK | ||
| 245 | 1 | 0 | |a Legálne a nelegálne daňové úniky a tieňová ekonomika |c Anna Bánociová, Andrea Kralik |
| 520 | |a Názory renomovaných ekonómov v oblasti daňových únikov a tieňovej ekonomiky. | ||
| 610 | 2 | 0 | |a ekonomika tieňová |
| 610 | 2 | 0 | |a systémy daňové |
| 610 | 2 | 0 | |a sadzby daňové |
| 610 | 2 | 0 | |a základ dane |
| 610 | 2 | 0 | |a únik daňový |
| 100 | 1 | |a Bánociová, Anna | |
| 700 | 1 | |a Kralik, Andrea | |